NBA Top 75 Players' College Teams - Statistics

General Stats
  • This quiz has been taken 859 times
    797 since last reset
  • The average score is 39 of 70
Answer Stats
Hint Answer % Correct
Kareem Abdul-Jabbar UCLA
96%
Reggie Miller UCLA
96%
Bill Walton UCLA
96%
Russell Westbrook UCLA
96%
Billy Cunningham North Carolina
95%
Michael Jordan North Carolina
95%
Bob McAdoo North Carolina
95%
James Worthy North Carolina
95%
Anthony Davis Kentucky
92%
Kevin Durant Texas
91%
Carmelo Anthony Syracuse
90%
Dave Bing Syracuse
90%
Pete Maravich LSU
89%
Shaquille O'Neal LSU
89%
Bob Pettit LSU
89%
Isiah Thomas Indiana
88%
Magic Johnson Michigan State
87%
Tim Duncan Wake Forest
87%
Chris Paul Wake Forest
87%
Patrick Ewing Georgetown
85%
Allen Iverson Georgetown
85%
Stephen Curry Davidson
83%
James Harden Arizona State
81%
Larry Bird Indiana State
81%
Wilt Chamberlain Kansas
81%
Paul Pierce Kansas
81%
Charles Barkley Auburn
74%
Clyde Drexler Houston
74%
Elvin Hayes Houston
74%
Hakeem Olajuwon Houston
74%
Dwyane Wade Marquette
73%
Kawhi Leonard San Diego State
73%
Ray Allen Connecticut
70%
David Robinson Navy
68%
Damian Lillard Weber State
64%
John Stockton Gonzaga
61%
Jason Kidd California
59%
Bill Sharman USC
54%
Dominique Wilkins Georgia
51%
John Havlicek Ohio State
49%
Jerry Lucas Ohio State
49%
Dave Cowens Florida State
45%
Gary Payton Oregon State
45%
Jerry West West Virginia
44%
Steve Nash Santa Clara
43%
Bill Russell San Francisco
40%
Rick Barry Miami
36%
Kevin McHale Minnesota
36%
Paul Arizin Villanova
35%
Oscar Robertson Cincinnati
33%
Wes Unseld Louisville
29%
Julius Erving Massachusetts
29%
Karl Malone Louisiana Tech
27%
Scottie Pippen Central Arkansas
26%
George Mikan DePaul
18%
Bob Cousy Holy Cross
18%
Lenny Wilkens Providence
16%
Nate Archibald UTEP
16%
Dolph Schayes NYU
13%
Elgin Baylor Seattle U
13%
Hal Greer Marshall
8%
Dennis Rodman Southeastern Oklahoma State
7%
Dave DeBusschere Detroit Mercy
6%
George Gervin Eastern Michigan
6%
Willis Reed Grambling State
6%
Walt Frazier Southern Illinois
5%
Nate Thurmond Bowling Green
3%
Robert Parish Centenary College
2%
Sam Jones NC Central
2%
Earl Monroe Winston-Salem State
2%
No matching quizzes found
Score Distribution
Percent of People with Each Score
Percentile by Number Answered
Your Score History
You have not taken this quiz since the last reset